000 01571cam a2200349 a 4500
999 _c128154
_d128154
001 4453917
003 ARRUPE
005 20180914103738.0
008 951031s1996 enk b 001 0 eng
010 _a 95046913
020 _a0198288840
040 _aDLC
_cDLC
_dDLC
050 0 0 _aHD75
_b.D435 1996
082 0 0 _a338.9
_220
245 0 0 _aDecolonizing knowledge :
_bfrom development to dialogue /
_cedited by Frédérique Apffel-Marglin and Stephen A. Marglin.
260 _aOxford :
_bClarendon Press ;
_aNew York :
_bOxford University Press,
_c1996.
300 _avi, 398 p. ;
_c24 cm.
440 0 _aStudies in development economics
_942157
500 _a"A study prepared for the World Institute for Development Economics Research of the United Nations University (UNU/WIDER)."
504 _aIncludes bibliographical references and index.
650 0 _aEconomic development.
_99273
650 0 _aEconomic development
_xSocial aspects.
_928593
650 0 _aTechnological innovations
_xSocial aspects.
_941827
650 0 _aKnowledge, Sociology of.
_99945
700 2 _aApffel-Marglin, Frédérique.
_942158
700 1 _aMarglin, Stephen A.
_942159
710 2 _aWorld Institute for Development Economics Research.
_942160
856 4 2 _3Publisher description
_uhttp://www.loc.gov/catdir/enhancements/fy0604/95046913-d.html
906 _a7
_bcbc
_corignew
_d1
_eocip
_f19
_gy-gencatlg
942 _2lcc
_cMONOGRAPH